Pokémon 2ème Génération - Statistiques

Statistiques générales
  • Ce quiz a été pris 10 518 fois
  • Le résultat moyen est 56 sur 100
Statistiques - réponses
Hint Réponse % Correct
155 hericendre
95%
158 kaiminus
95%
152 germignon
94%
160 aligatueur
92%
249 lugia
91%
157 typhlosion
91%
154 meganium
90%
156 feurisson
89%
250 ho-oh
88%
245 suicune
87%
244 entei
86%
153 macronium
86%
159 crocrodil
85%
243 raikou
84%
251 celebi
83%
163 hoothoot
78%
161 fouinette
77%
164 noarfang
76%
162 fouinar
75%
197 noctali
74%
208 steelix
74%
196 mentali
73%
248 tyranocif
72%
172 pichu
71%
246 embrylex
70%
239 elekid
69%
240 magby
69%
180 lainergie
67%
181 pharamp
67%
175 togepi
66%
173 melo
64%
167 mimigal
63%
212 cizayox
62%
241 ecremeuh
62%
168 migalos
62%
174 toudoudou
61%
169 nostenfer
60%
176 togetic
60%
229 demolosse
59%
179 wattouat
59%
228 malosse
58%
201 zarbi
58%
165 coxy
57%
230 hyporoi
57%
166 coxyclaque
55%
238 lippouti
55%
199 roigada
52%
198 cornebre
51%
237 kapoera
51%
236 debugant
50%
200 feuforeve
50%
189 cotovol
48%
183 marill
48%
177 natu
48%
186 tarpaud
48%
178 xatu
48%
184 azumarill
47%
221 cochignon
47%
182 joliflor
47%
220 marcacrin
47%
214 scarhino
47%
227 airmure
46%
188 floravol
46%
187 granivol
46%
204 pomdepik
46%
215 farfuret
45%
194 axoloto
44%
232 donphan
44%
205 foretress
44%
242 leuphorie
44%
192 heliatronc
42%
195 maraiste
42%
231 phanpy
42%
217 ursaring
42%
234 cerfrousse
41%
226 demanta
41%
203 girafarig
41%
206 insolourdo
41%
223 remoraid
41%
216 teddiursa
41%
191 tournegrin
41%
171 lanturn
40%
170 loupio
40%
218 limagma
39%
202 qulbutoke
39%
225 cadoizo
38%
224 octillery
38%
233 porygon2
38%
185 simularbe
38%
207 scorplane
37%
219 volcaropod
37%
190 capumain
36%
210 granbull
34%
213 caratroc
33%
211 qwilfish
33%
193 yanma
33%
222 corayon
32%
235 queulorior
32%
209 snubbull
31%
247 yumphect
20%
Aucun quiz correspondant
Distribution des résultats
% des personnes avec chaque résultat
Percentile par nombre de réponses
Votre historique - résultats
Vous n’avez pas pris ce quiz